000 00355nam a2200121Ia 4500
003 GCL
008 140319s9999 xx 000 0 eng d
040 _aGCL /
_cGCL
082 0 4 _a620.00452
_bM.W
245 1 0 _aWhat Every Engineer Shaould Know About Reliabiliiy and Risk Analyszs
260 _a[S.N] :
_bMacmillan Publishing Company ،
_c1993
300 _a352 P
999 _c14263
_d14263